| 000 | 01761cam a2200385 i 4500 | ||
|---|---|---|---|
| 999 |
_c64537 _d64537 |
||
| 001 | 18968100 | ||
| 003 | CO-MdFUSB | ||
| 005 | 20180912102558.0 | ||
| 008 | 160208t20162016miuad b 001 0 eng | ||
| 010 | _a 2016006234 | ||
| 020 | _a9780801097539 (pbk.) | ||
| 040 |
_aDLC _bspa _cCO-MdFUSB _erda _dCO-MdFUSB |
||
| 041 | _aeng | ||
| 042 | _apcc | ||
| 082 | 0 | 0 |
_224 _aG 221.44 _bB874o |
| 100 | 1 |
_aBrotzman, Ellis R., _eautor |
|
| 245 | 1 | 0 |
_aOld Testament textual criticism _b: a practical introduction _c/ Ellis R. Brotzman y Eric J. Tully. |
| 250 | _aSecond Edition | ||
| 264 | 1 |
_aGrand Rapids : _bBaker Academic, _c℗2016 |
|
| 264 | 4 | _c©2016 | |
| 300 |
_axv, 255 páginas : _bilustraciones ; _c22 cm |
||
| 336 |
_2rdacontent _atexto _btxt |
||
| 337 |
_2rdamedia _asin mediación _bn |
||
| 338 |
_2rdacarrier _avolumen _bnc |
||
| 501 | _aIncluye índices (páginas 243- 255) | ||
| 504 | _aBibliografía (páginas 231- 242) | ||
| 505 | 0 | _aEscritura en el antiguo Oriente Próximo -- Una breve descripción de la transmisión del texto del Antiguo Testamento -- Textos hebreos del Antiguo Testamento -- Traducciones antiguas del Antiguo Testamento -- Ediciones críticas del texto del Antiguo Testamento -- Cambios del escriba en el Texto del Antiguo Testamento -- Principios y práctica de la crítica textual -- Comentario textual sobre el Libro de Rut. | |
| 630 | 0 | 7 |
_aBiblia. _pAntiguo Testamento |
| 720 | _aTully, Eric J. | ||
| 906 |
_a7 _bcbc _corignew _d1 _eecip _f20 _gy-gencatlg |
||
| 942 | _cBK | ||